| 000 | 00547cam a2200229ua 4500 | ||
|---|---|---|---|
| 001 | 9504 | ||
| 005 | 20260515114455.0 | ||
| 008 | 151121n ii |||gr||||Z||||||eng | ||
| 020 | _a8121920450 | ||
| 040 | _cMAIN | ||
| 041 | _aeng | ||
| 082 | _a330.954 | ||
| 100 |
_aDatt, Ruddar, _eAuthor. |
||
| 245 |
_aIndian economy _cby Ruddar Datt |
||
| 250 | _a53rd rev. ed. | ||
| 260 |
_aNew Delhi: _bS chand, _c2006. |
||
| 300 | _aviii, 997p. | ||
| 653 | _aEconomics | ||
| 653 | _aIndian economy | ||
| 700 |
_aSundharam, KPM, _eAuthor. |
||
| 942 | _cBK | ||
| 999 |
_c8539 _d8539 |
||